ا يک لفظ کی مو ت (Record no. 164558)
[ view plain ]
| 000 -LEADER | |
|---|---|
| fixed length control field | 00639nam a22001937a 4500 |
| 005 - DATE AND TIME OF LATEST TRANSACTION | |
| control field | 20190522164655.0 |
| 010 ## - LCCN (DPL NO) | |
| LC control number | UR-10135 |
| 020 ## - INTERNATIONAL STANDARD BOOK NUMBER | |
| Terms of availability | 130.00 |
| International Standard Book Number | 9789387539709 |
| 035 ## - SYSTEM CONTROL NUMBER | |
| System control number | U-8690 |
| 037 ## - SOURCE OF ACQUISITION | |
| Source of stock number/acquisition | DBAD/PUB |
| 082 ## - DEWEY DECIMAL CLASSIFICATION NUMBER | |
| Classification number | ک |
| 100 ## - MAIN ENTRY--PERSONAL NAME | |
| Personal name | پر و فيسر صا د ق |
| 245 ## - TITLE STATEMENT | |
| Title | ا يک لفظ کی مو ت |
| Statement of responsibility, etc | پر و فيسر صا د ق |
| 246 ## - VARYING FORM OF TITLE | |
| Remainder of title | Ek Lafz ki Maut(Urdu) |
| Title proper/short title | by Dr.Ishrat Naheed |
| 260 ## - PUBLICATION, DISTRIBUTION, ETC. (IMPRINT) | |
| Place of publication, distribution, etc | Delhi |
| Name of publisher, distributor, etc | Educational Publishing House |
| Date of publication, distribution, etc | 2018 ء |
| 270 ## - ADDRESS | |
| Address | 3191،Vakil Street,Kucha Pandit,Lal Kuan, |
| City | Delhi |
| Postal code | 110006 |
| Telephone number | 23216162 |
| Fax number | 00911123211540 |
| 300 ## - PHYSICAL DESCRIPTION | |
| Extent | 108ص |
| Dimensions | 22 Cm.(bk) |
| 942 ## - ADDED ENTRY ELEMENTS (KOHA) | |
| Source of classification or shelving scheme | Dewey Decimal Classification |
| Item type | Urdu Bks |
| Classification part | ک |
| Call number suffix | ص ا د |
| Withdrawn status | Lost status | Not for loan | Collection code | Home library | Current library | Date acquired | Source of acquisition | Cost, normal purchase price | Full call number | Barcode | Copy number | Cost, replacement price | Koha item type |
|---|---|---|---|---|---|---|---|---|---|---|---|---|---|
| Not For Loan | Fiction | D.B.Act.Division | D.B.Act.Division | 22/05/2019 | DBAD/PUB | 130.00 | ک ص ا د | U-8690 | 1 | 130.00 | Urdu Bks |
